书目信息 |
| 题名: |
科学心理学
|
|
| 作者: | 王极盛 著 | |
| 分册: | ||
| 出版信息: | 杭州 浙江教育出版社 1987.7 |
|
| 页数: | 236页 | |
| 开本: | 20cm | |
| 丛书名: | 现代管理丛书 | |
| 单 册: | ||
| 中图分类: | G30 | |
| 科图分类: | 37.203 | |
| 主题词: | 科学心理学 | |
| 电子资源: | ||
| ISBN: | 7-5338-0028-1 | |
| 000 | 00879nam2 2200289 45 | |
| 001 | 1531219043 | |
| 005 | 20150130084100.46 | |
| 010 | @a7-5338-0028-1@dCNY1.65 | |
| 020 | @aCN@b88018467 | |
| 100 | @a19910417d1987 km y0chiy0120 ea | |
| 101 | 0 | @achi |
| 102 | @aCN@b330000 | |
| 105 | @ay z 000yy | |
| 200 | 10 | @a科学心理学@Ake xue xin li xue@f王极盛著@Fwang ji sheng zhu |
| 205 | @a2版 | |
| 210 | @a杭州@c浙江教育出版社@d1987.7 | |
| 215 | @a236页@d20cm | |
| 225 | 2 | @a现代管理丛书@f田 夫主编 |
| 330 | @a本书主要内容包括智力因素、非智力因素与科学创造,老、中、青科技工作者的创造心理特点,创造者的心理类型等。 | |
| 410 | 0 | @120010@a现代管理丛书 |
| 540 | 1 | @a科学心理学@Ake xue xin li xue |
| 606 | @a科学心理学 | |
| 690 | @aG30@v1980 | |
| 692 | @a37.203@v1974 | |
| 701 | 0 | @a王极盛@Awang ji sheng@4著 |
| 801 | 0 | @aCN@bTSSF@c20150130 |
| 905 | @aZUCC@dG30@eJY1=2 | |
| 科学心理学/王极盛著.-2版.-杭州:浙江教育出版社,1987.7 |
| 236页;20cm.-(现代管理丛书/田 夫主编) |
| ISBN 7-5338-0028-1:CNY1.65 |
| 本书主要内容包括智力因素、非智力因素与科学创造,老、中、青科技工作者的创造心理特点,创造者的心理类型等。 |
| ● |
| 相关链接 |
|
|
|
|
正题名:科学心理学
索取号:G30/JY1=2
 
预约/预借
| 序号 | 登录号 | 条形码 | 馆藏地/架位号 | 状态 | 备注 |
| 1 | 7845920 | 278459204 | 学院路分馆/ [索取号:G30/JY1=2] | 在馆 | |
| 2 | 7845921 | 278459213 | 学院路分馆/ [索取号:G30/JY1=2] | 在馆 |